Bezpečnostná hrozba terorizmu v súčasných medzinárodných politických vzťahoch odbor: 67-21-9 medzinárodné vzťahy

Na minha lista:
Detalhes bibliográficos
Autor principal: Škvrnda, František
Autor Corporativo: Ekonomická univerzita v Bratislave
Outros Autores: Tóth, Ľudovít
Formato: Livro
Idioma:eslovaco
Publicado em: Bratislava Fakulta medzinárodných vzťahov EU 2004
Colecção:Habilitačné a inauguračné prednášky
Assuntos:
Tags: Adicionar Tag
Sem tags, seja o primeiro a adicionar uma tag!

MARC

LEADER 00000nam$a2200000$$$4500
001 0028390
005 20250509104752.2
041 0 |a slo 
044 |a SK 
245 1 0 |a Bezpečnostná hrozba terorizmu v súčasných medzinárodných politických vzťahoch  |b odbor: 67-21-9 medzinárodné vzťahy  |c František Škvrnda ; oponenti: Ľudovít Tóth ... [et al.] 
264 1 |a Bratislava  |b Fakulta medzinárodných vzťahov EU  |c 2004 
300 |a 45 s. 
490 1 |a Habilitačné a inauguračné prednášky 
830 0 |a Habilitačné a inauguračné prednášky 
610 2 0 |a terorizmus 
610 2 0 |a vzťahy politické medzinárodné 
610 2 0 |a bezpečnosť 
610 2 0 |a svet 
610 2 0 |a politika bezpečnostná 
100 1 |a Škvrnda, František 
700 1 |a Tóth, Ľudovít 
710 2 |a Ekonomická univerzita v Bratislave